000 00972nam0a22002651 4500
001 rc\563078
005 20250621132721.0
035 _a(NLR Aleph) 005798068
090 _a5267307
_c5267307
100 _a20030616d1987 |||y0rusy50 ca
101 0 _arus
_asan
102 _aRU
105 _ay |||||||||
200 1 _aСанскритско-русский словарь
_eОколо 30.000 слов
_eС прил. "Граммат. очерка санскрита" А.А. Зализняка
_fПод ред. В.И. Кальянова
205 _a2-е изд., испр. и доп.
210 _aМ.
_cРус. яз.
_d1987
215 _a944 с.
_d23
300 _aНа обл. авт. не указан
300 _aПарал. загл. на санскрит. яз.
700 1 _aКочергина
_bВ.А.
_f1924-
_gВера Александровна
801 0 _aRU
_bNLR
_gpsbo
801 1 _aRU
_bELAR
_2rusmarc
852 _aNLR
_jОЛСАА
942 _cBOOK
980 _aNB